000 02548cam a22001934a 4500
005 20250605164148.0
008 250528s ||||||||||||||||||||||||d
035 _a19264
020 _a9607643836
040 _aGR-AtMCL
_bgre
_dGR-AtMCL
_eAACR2
245 1 _aΜέθοδοι στην Κοινωνιολογική Έρευνα
260 _bΤυπωθήτω,
_c1998
300 _a336
520 _aΟ τόμος αυτός περιέχει επιλεγμένα κείμενα που αναφέρονται στις μεθόδους και τεχνικές της κοινωνικής έρευνας, αναδεικνύοντας διαφορετικές πτυχές της χρήσης τους, σε μια προσπάθεια να τη συσχετίσουν με τους εκάστοτε ερευνητικούς σκοπούς. Εισαγωγή, Απομυθοποιόντας το Μεθοδολογικό Μονισμό, Το Μήνυμα ως Αντικείμενο Ερμηνείας και Ανάλυσης στο Πλαίσιο της Επικοινωνιακής Πράξης, Η Φεμινιστική Κριτική της Παραδοσιακής Επιστημονικής Έρευνας και η Εναλλακτική Πρότασή της, Ζητήματα Μεθόδου στην Κοινωνιολογία της Ανάγνωσης, Το Μέγεθος του Δείγματος στις Κοινωνικές Έρευνες, Αιτίες Διαστρέβλωσης Δεδομένων και ένα Παραμελημένο Μεθοδολογικό Πρόβλημα, Ενδογενής Τοπική Ανάπτυξη - Μια Μεθοδολογική Προσέγγιση, Οι Γραπτές Ιστορικές Πηγές και η Σημασία τους για την Ανθρωπολογική Προσέγγιση των Σύνθετων Κοινωνιών, Η Συμπληρωματικότητα Ποιοτικών και Ποσοτικών Μεθόδων στην Κοινωνιολογική και Εκπαιδευτική Έρευνα, Η Κοινωνιολογική Έρευνα και η Κατασκευή της Κοινωνικής Πραγματικότητας και το Παράδειγμα της Ποσοτικής Προσέγγισης, Τρεις Δεκαετίες Έρευνας στον Χώρο της Ελληνικής Υπαίθρου, Βιογραφικά Συγγραφέων.
700 1 _aΠαπαγεωργίου Γιώτα
_95489
942 _cBK
999 _c4529
_d4529